ARRUPE JESUIT UNIVERSITY

CORONAVIRUS -STOP THE SPREAD - CLEAN,DISINFECT,COVER

Meaning (Record no. 130686)

MARC details
000 -LEADER
fixed length control field 00435nam a22001337a 4500
008 - FIXED-LENGTH DATA ELEMENTS--GENERAL INFORMATION
fixed length control field 211005b ||||| |||| 00| 0 eng d
050 ## - LIBRARY OF CONGRESS CALL NUMBER
Classification number B105.M4 P64
100 ## - MAIN ENTRY--PERSONAL NAME
Personal name Polanyi, Michael
9 (RLIN) 19085
245 ## - TITLE STATEMENT
Title Meaning
Statement of responsibility, etc Michael Polanyi and Harry Prosch
260 ## - PUBLICATION, DISTRIBUTION, ETC. (IMPRINT)
Place of publication, distribution, etc Chicago
Name of publisher, distributor, etc The University of Chicago Press
Date of publication, distribution, etc 1975
300 ## - PHYSICAL DESCRIPTION
Extent 246p. ;
Dimensions 20cm.
650 ## - SUBJECT ADDED ENTRY--TOPICAL TERM
Topical term or geographic name as entry element Meaning (Philosophy)
General subdivision Addresses
-- Essays
-- Lectures
9 (RLIN) 50292
942 ## - ADDED ENTRY ELEMENTS (KOHA)
Source of classification or shelving scheme Library of Congress Classification
Item type Monograph ( Printed materials)
Holdings
Withdrawn status Lost status Source of classification or shelving scheme Damaged status Not for loan Collection code Home library Current library Shelving location Date acquired Total Checkouts Full call number Barcode Date last seen Price effective from Koha item type
    Library of Congress Classification     Main Collection ARRUPE LIBRARY ARRUPE LIBRARY Main Collection 05/10/2021   B105.M4 P64 46600007768 05/10/2021 05/10/2021 Monograph ( Printed materials)

 

Arrupe Library. PO Box MP320 Mt Pleasant, Harare, Zimbabwe
263 242 745411|librarian@aju.ac.zw